1456 1409 1846 1019 1727 1650 1209 1736 1513 1375 1620 1263 1833 1454 1899 1132 1678 1200 1884 1030 1705 1898 1479 1187 1812 1613 1779 1145 1464 1467 1352 1717 1140 1554 1137 1634 1263 1758 1164 1735 1507 1407 1224 1897 1152 1051 1963 1536 1686 1127 1673 1667 1292 1679 1369 1433 1761 1161 1392 1674 1422 1050 1493 1488 1675 1002 1376 1285 1092 1125 1377 1337 1398 1123 1557 1335 1522 1364 1971 1193 1467 1994 1865 1513 1242 1418 1196 1759 1254 1385 1680 1790 1105 1215 1005 1722 1604 1317 1995 BCNSPRNW ULIB Ver.6.0+V

เปลี่ยนเป็นภาษาไทย

Change to English
 แสดงรายละเอียดบรรณานุกรม
  กลับหน้าหลัก

Brief Record : Get Marc (ISO 2709) : E-mail record : QR code < ปิดหน้าต่าง
LEADER : 00000nam a2200000 a 4500
001    13399114541
003     ULIB
008    020913s1998 us d 000 0 eng d
020    ^a9780323052917
060 04 ^aW13^bM894
245 00 ^aMosby s pocket dictionary of medicine, nursing & allied
246 30 ^aPocket dictionary of medicine, nursing & allied health
250    ^a6th ed.
260    ^aSt. Louis :^bMosby,^cc2010
300    ^ax, 1478 p.
500    ^aSend to Single Search
650  2 ^aAllied Health Occupations^vdictionaries
650  2 ^aDictionaries, Medical
650  2 ^aNursing^vdictionaries
700 1  ^aAnderson, Kenneth N.,^d1921-
700 1  ^aAnderson, Lois E.
945    ^p0^l0^i031637
995    ^aKesorn
999 ^a ใช้งานได้ทุกระบบ
รายการนี้ยังไม่มีแท็ก
คุณยังไม่ได้ล็อกอิน คุณสามารถมีกิจกรรมร่วมกับเว็บไซต์ได้ แต่ต้องล็อกอินก่อน ::
  ล็อกอิน

รายการสื่อสารสนเทศ

ลำดับที่ ประเภท เลขเรียก/บาร์โค้ด สถานที่ สถานะ
- ไม่พบข้อมูล -

รายการใกล้เคียง
    หัวเรื่อง [Dictionaries, Medical]

BibComment


ยังไม่เคยถูกคอมเมนท์

คอมเมนท์ทรัพยากรรายการนี้
  คอมเมนท์: Mosby s pocket d..


 Copyright 2026. Bcnsprnw @Library